LEADER 01260nam0-22003251i-450- 001 990007906700403321 005 20051118145741.0 035 $a000790670 035 $aFED01000790670 035 $a(Aleph)000790670FED01 035 $a000790670 100 $a20040716g19922001km-y0itay50------ba 101 0 $aita 102 $aIT 105 $aabe-----001yy 200 1 $aArcheologia urbana a Savona : scavi e ricerche nel complesso monumentale del Priamàr$fCarlo Varaldo 210 $aBordighera$cIstituto internazionale di studi liguri$d1992-2001 215 $a4 v.$cill.$d30 cm 225 1 $aCollezione di monografie preistoriche ed archeologiche$fIstituto Internazionale di Studi Liguri$v9.$v11. 327 0 $a1.: 1992$a2.: Tavole. 2001$a2.1: Palazzo della Loggia (scavi 1969-1989). 2000$a2.2: Palazzo della Loggia (scavi 1969-1989. I materiali. 2001 610 0 $aScavi archeologici$aSavona 676 $a937.1$v21$zita 700 1$aVaraldo,$bCarlo$0216373 801 0$aIT$bUNINA$gRICA$2UNIMARC 901 $aBK 912 $a990007906700403321 952 $a937.1 VAR 1 (1-4)$bBibl. 47679/47680$fFLFBC 959 $aFLFBC 996 $aArcheologia urbana a Savona : scavi e ricerche nel complesso monumentale del Priamàr$9670266 997 $aUNINA LEADER 01228nam a2200337 i 4500 001 991000939579707536 005 20020507180224.0 008 941118s1983 ||| ||| | eng 020 $a3540122966 035 $ab10778536-39ule_inst 035 $aLE01304601$9ExL 040 $aDip.to Matematica$beng 082 0 $a510 084 $aAMS 46B20 100 1 $aBourgin, Richard D.$056559 245 10$aGeometric aspects of convex sets with the Radon-Nikodym property /$cRichard D. Bourgin 260 $aBerlin ; New York :$bSpringer-Verlag,$c1983 300 $axii, 474 p. :$bill. ;$c24 cm. 490 0 $aLecture notes in mathematics,$x0075-8434 ;$v993 500 $aBibliography: p. [451]-469. 500 $aIncludes indexes 650 0$aBanach spaces 650 4$aConvex sets 650 4$aRadon-Nikodym property 650 4$aVector-valued measures 907 $a.b10778536$b23-02-17$c28-06-02 912 $a991000939579707536 945 $aLE013 46B BOU11 (1983)$g1$i2013000015729$lle013$o-$pE0.00$q-$rl$s- $t0$u1$v0$w1$x0$y.i10877885$z28-06-02 996 $aGeometric aspects of convex sets with the Radon-Nikodým property$980979 997 $aUNISALENTO 998 $ale013$b01-01-94$cm$da $e-$feng$gxx $h0$i1 LEADER 01544nas 2200385 n 450 001 990008909170403321 005 20240229084445.0 011 $a0392-1050 035 $a000890917 035 $aFED01000890917 035 $a(Aleph)000890917FED01 035 $a000890917 091 $2CNR$aP 00001176 100 $a20161109a19069999km-y0itaa50------ba 101 0 $aita 102 $aIT 110 $aauu-------- 200 1 $aArchivio per l'Alto Adige 207 1$a1906- 210 $aGleno$c[s.n.] 326 $aAnnuale 530 0 $aArchivio per l'Alto Adige 675 $a945 675 $a930.25 (450.32) 712 02$aIstituto di Studi per l'Alto Adige 801 0$aIT$bACNP$c20090723 859 4 $uhttp://acnp.cib.unibo.it/cgi-ser/start/it/cnr/dc-p1.tcl?catno=637&person=false&language=ITALIANO&libr=&libr_th=unina1$zBiblioteche che possiedono il periodico 901 $aSE 912 $a990008909170403321 958 $aBRAU. Biblioteca di Ricerca di Area Umanistica$b1918-1919;1922-1923;1925-1930;1935-1937;1939;1942;1944-1947;1964-1965;1967-$c1936-1937;1939;1946-1947;$eITALIA 396$fFLFBC 959 $aFLFBC 996 $aArchivio per l'Alto Adige$9800243 997 $aUNINA AP1 8 $6866-01$aNA072 BRAU. Biblioteca di Ricerca di Area Umanistica$bITALIA 396$ePiazza Bellini 56/60, 80133 Napoli (NA)$m(081) 2533948$nit AP2 40$aacnp.cib.unibo.it$nACNP Italian Union Catalogue of Serials$uhttp://acnp.cib.unibo.it/cgi-ser/start/it/cnr/df-p.tcl?catno=637&language=ITALIANO&libr=&person=&B=1&libr_th=unina&proposto=NO